| 000 | 00587nam a2200169 a 4500 | ||
|---|---|---|---|
| 001 | 000032241 | ||
| 005 | 20240304143926.0 | ||
| 008 | 091014s1935 dr a 000 f spa d | ||
| 040 |
_aDO-SdBNP _bspa _cBNPHU |
||
| 082 |
_axxxx _bM839r |
||
| 100 | 1 |
_aMorel, Tomás, _d1912- _926581 |
|
| 245 | 1 | 0 |
_aRosa Elena : _bnovela / _cTomás Morel ; introducción de Pedro M. Archambault. |
| 260 |
_aSantiago de los Caballeros, República Dominicana : _bImprenta Tavares, _c1935. |
||
| 300 |
_a142 p. : _bil. ; _c20 cm. |
||
| 700 | 1 |
_aArchambault, Pedro M., _q(Pedro María) _epról. _92398 |
|
| 049 | _aBNPD | ||
| 999 |
_c31732 _d31732 |
||